Derecho privado romano.
Shranjeno v:
| Glavni avtor: | |
|---|---|
| Format: | Knjiga |
| Izdano: |
Pamplona, España:
Ediciones Universidad de Navarra, S.A.,
1991.
|
| Izdaja: | Octava edición, revisada. |
| Teme: | |
| Oznake: |
Označite
Brez oznak, prvi označite!
|
MARC
| LEADER | 00000nam a22000007a 4500 | ||
|---|---|---|---|
| 003 | CL-VaPUC | ||
| 005 | 20221114163159.0 | ||
| 008 | 220707t1991 ||||| |||| 00| 0 eng d | ||
| 999 | |c 436788 |d 436786 | ||
| 040 | |c Pontificia Universidad Católica de Valparaíso | ||
| 082 | 0 | 4 | |a 340.54 ORS 1991 |2 21 |
| 100 | |a Ors, Álvaro d' |e autor |9 878430 | ||
| 245 | 1 | 0 | |a Derecho privado romano. |
| 250 | |a Octava edición, revisada. | ||
| 260 | |a Pamplona, España: |b Ediciones Universidad de Navarra, S.A., |c 1991. | ||
| 300 | |a 635 páginas. | ||
| 500 | |a c.1 Donación Familia Prof. Alejandro Guzmán Brito. | ||
| 583 | |a last modification |c 19940812 00:00:00 |k Cristina María Rojas Aguilar | ||
| 650 | 0 | |a Derecho romano |9 255930 | |
| 650 | 0 | |a Derecho privado |9 258243 | |
| 942 | |c BK |2 ddc |n 0 | ||
| 952 | |0 0 |1 0 |2 ddc |4 0 |6 340_540000000000000_ORS_1991 |7 0 |8 C_AGB |9 584514 |a BIBDER |b BIBDER |d 2022-07-07 |e Donación |i 5652582 |l 2 |o 340.54 ORS 1991 |p 5652582 |r 2023-08-22 |s 2023-08-22 |t 1 |w 2022-07-07 |y BK_US |k AGB | ||